01050nam a2200217 a 450000100100000000500170001000800410002702000180006804000250008610000410011124502210015226000670037330000210044050000730046170000260053470000300056004900090059095201050059995201110070499900170081500003448320200930073726.0111005s2005 mx 000 0 spa d a9781872843865 aDO-SdBNPbspacBNPHU1 aÁguila M., Marcos Tonatiuh.95992410aTrabajo, fortuna y poder :bManuel Espinosa Yglesias un empresario mexicano del siglo XX /cresponsables, Marcos T. Águila, Martí Soler, Roberto Suárez ; investigadores, Cuauhtémoc Ochoa, Haydeé Villacorta. cMéxico : 2005.bCentro de Estudios Espinosa Yglesias,c2007. a379 p. ;c23 cm. aIncluye referencias bibliográficas y notas al pie de las páginas1 aSoler, Martí92945612aSuárez, Roberto.959925 aBNPD 001050718MOaGRbGRcCTd2011-10-05iLF1l0o p34483-10r2020-06-25w2020-06-25y1ZNo se presta 001050718MOaGRbGRcCTd2013-07-23iLF1l0o p34483-20r2020-06-25te. 2w2020-06-25y1ZNo se presta c33974d33974